Geology of the environs of Quebec, with map and sections / (Record no. 158704)

MARC details
000 -LEADER
campo de control de longitud fija 00740nam a22001815i 4500
001 - NÚMERO DE CONTROL
campo de control 158704
003 - IDENTIFICADOR DE NÚMERO DE CONTROL
campo de control ES-MaACL
005 - FECHA Y HORA DE LA ÚLTIMA TRANSACCIÓN
campo de control 20230906211257.0
008 - DATOS DE LONGITUD FIJA--INFORMACIÓN GENERAL
campo de control de longitud fija 040902s1891 xx a |||| | eng d
040 ## - FUENTE DE CATALOGACIÓN
Centro catalogador/agencia de origen CAM
Lengua de catalogación spa
Centro/agencia transcriptor CAM
100 1# - ENTRADA PRINCIPAL--NOMBRE DE PERSONA
Nombre de persona Marcou, Jules.
9 (RLIN) 76547
245 10 - MENCIÓN DEL TÍTULO
Título Geology of the environs of Quebec, with map and sections /
Mención de responsabilidad, etc. by Jules Marcou.
260 ## - PUBLICACIÓN, DISTRIBUCIÓN, ETC.
Lugar de publicación, distribución, etc. [S.l. :
Nombre del editor, distribuidor, etc. s.n.,
Fecha de publicación, distribución, etc. s.a.]
300 ## - DESCRIPCIÓN FÍSICA
Extensión P. 202-227, [2] p., [3] h. de lám. ;
Dimensiones 23 cm.
500 ## - NOTA GENERAL
Nota general Tirada aparte con portadilla propia de las pp. 202-227 de "Bost. Soc. Nat. Hist." Vol. XXV, [Jan. 21, 1891]
650 #4 - PUNTO DE ACCESO ADICIONAL DE MATERIA--TÉRMINO DE MATERIA
Término de materia o nombre geográfico como elemento de entrada Geología-
Subdivisión geográfica Canadá.
9 (RLIN) 157304
852 ## - LOCALIZACIÓN
Ubicación ES-MaACL
Número de control de estantería T-901-F-9
Nota libre -- Enc. hol.
-- -- Legado Federico de Botella y de Hornos
-- -- Enc. en un vol. facticio
Holdings
Estatus retirado Estado de pérdida Estado de daño No para préstamo Colección Biblioteca de origen Biblioteca actual Ubicación en estantería Fecha de adquisición Fuente de adquisición Total de préstamos Signatura topográfica completa Código de barras Visto por última vez Precio de reemplazo Tipo de ítem Koha
        Colección de folletos Biblioteca del Ateneo de Madrid Biblioteca del Ateneo de Madrid Depósito folletos 17/01/2008     T-901-F-9 1166113 23/02/2023 23/02/2023 Folleto